Selections from the writings of the Rev. John Wesley. (Record no. 13987)

000 -LEADER
fixed length control field 00729nam a2200205 a 4500
001 - CONTROL NUMBER
control field :::00011811$&:&@@
003 - CONTROL NUMBER IDENTIFIER
control field OkBaRHE
005 - DATE AND TIME OF LATEST TRANSACTION
control field 20000607103413.0
008 - FIXED-LENGTH DATA ELEMENTS--GENERAL INFORMATION
fixed length control field s1929 j 000 0 eng u
040 ## - CATALOGING SOURCE
Transcribing agency
100 1# - MAIN ENTRY--PERSONAL NAME
Personal name Welch, Herbert, 1862- ,
245 10 - TITLE STATEMENT
Title Selections from the writings of the Rev. John Wesley.
260 ## - PUBLICATION, DISTRIBUTION, ETC. (IMPRINT)
Place of publication, distribution, etc New York, NY., :
Name of publisher, distributor, etc The Methodist Book Concern
Date of publication, distribution, etc 1929
300 ## - PHYSICAL DESCRIPTION
Extent 405 p. : front., plates, ports., facism. ;
Dimensions 19 cm.
650 ## - SUBJECT ADDED ENTRY--TOPICAL TERM
Topical term or geographic name as entry element Methodist Church
General subdivision Collected Works
650 ## - SUBJECT ADDED ENTRY--TOPICAL TERM
Topical term or geographic name as entry element Theolgy
General subdivision Collected Works
-- 18th Century
700 ## - ADDED ENTRY--PERSONAL NAME
Personal name John Wesley, 1703-1791.
942 ## - ADDED ENTRY ELEMENTS (KOHA)
Source of classification or shelving scheme
Koha item type Books
Copies
Permanent Location Full call number Source of classification or shelving scheme Date acquired Shelving location Lost status Price effective from Damaged status Withdrawn status Date last seen Barcode Not for loan Koha item type Copy number
RHEMA Bible Training CollegeBX 8217 .W54W45 2010-04-14General Stacks 2010-04-14  2010-04-1411811 Books1